|
|
|
|
| LEADER |
01028nam a2200349 4500 |
| 001 |
DLU090074751 |
| 005 |
##20090605 |
| 040 |
# |
# |
|a DLU
|b vie
|
| 041 |
# |
# |
|a vie
|
| 044 |
# |
# |
|a vn
|
| 082 |
# |
# |
|a 335.434 6
|b Tim
|
| 245 |
# |
# |
|a Tìm hiểu tư tưởng Hồ Chí Minh :
|b Dưới dạng hỏi & đáp /
|c Phạm Ngọc Anh chủ biên, ... [và những người khác].
|
| 260 |
# |
# |
|a H. :
|b Lý luận Chính trị,
|c 2008.
|
| 300 |
# |
# |
|a 187 tr. ;
|c 21 cm.
|
| 504 |
# |
# |
|a Tài liệu tham khảo: tr.186.
|
| 600 |
# |
# |
|a Hồ Chí Minh,
|d 1890-1969
|x Quan điểm chính trị và xã hội.
|
| 700 |
# |
# |
|a Đặng Văn Thái.
|
| 700 |
# |
# |
|a Bùi Đình Phong,
|e chủ biên.
|
| 700 |
# |
# |
|a Mạch Quang Thắng.
|
| 700 |
# |
# |
|a Phạm Ngọc Anh,
|e chủ biên.
|
| 700 |
# |
# |
|a Trần Hải.
|
| 923 |
# |
# |
|a 06/2009
|
| 991 |
# |
# |
|a GT
|
| 992 |
# |
# |
|a 20500
|
| 994 |
# |
# |
|a DLU
|
| 900 |
# |
# |
|a True
|
| 911 |
# |
# |
|a Đào Thị Thu Huyền
|
| 925 |
# |
# |
|a G
|
| 926 |
# |
# |
|a A
|
| 927 |
# |
# |
|a SH
|
| 980 |
# |
# |
|a Thư viện Trường Đại học Đà Lạt
|